000 01088nam a2200229 i 4500
001 53527
003 ES-MaACL
005 20230906162801.0
007 t|
008 031031s1879 fr ||||1| fre d
111 2 _aCongrès International de l'Agriculture (
_d1878.
_cParis)
_9171873
245 1 0 _aCongrès International de l'Agriculture tenu à Paris les 11, 12, 13, 14, 15, 17, 18 et 19 juin 1878 :
_bcomptes rendus sténographiques publiés sous les auspices du Comité Central des Congrès et Confèrences et la direction de Ch. Thirion.
260 _aParis :
_bImp. Nationale,
_c1879.
300 _a345 p. ;
_c24 cm.
490 1 _aCongrès et conférences du Palais du Trocadéro ;
_v1
594 _aPrecede al tít.: Ministère de l'Agriculture et du Commerce, Exposition Universelle International de 1878, a Paris.
650 4 _aAgricultura-
_vCongresos y asambleas.
_9161768
711 2 _aExposition Universelle (
_d1878.
_cParis)
_9135143
830 1 _aCongrès et conférences du Palais du Trocadéro ;
_v1
_9192600
852 _aES-MaACL
_jG-1744
999 _c53527
_d53527